000 00565nam a2200229Ia 4500
008 210210b2007 xxu||||| |||| 00| 0 eng d
020 _a8171417256
041 _aeng
082 _a304.6 MISA
100 _aMISHRA (B C)
245 _aAdult attitude towards population education
260 _aNew Delhi
_bDiscovery Publishing House
_c2007
300 _avi,182
650 _atowards
650 _apopulation
650 _aeducation
650 _aattitude
650 _aAdult
690 _aPopulation
700 _aPATNAIK (Santilata)
906 _a062874
999 _c130400
_d130400